| 000 | 01090nam a2200265Ia 4500 | ||
|---|---|---|---|
| 001 | 8782 | ||
| 003 | GE_BSU | ||
| 008 | 181216s||||||||xx |||||||||||||| ||und|| | ||
| 040 | _cGE_BSU | ||
| 080 | _a821.353.1–1 | ||
| 100 | _aთუმანიშვილი,დიმიტრი | ||
| 245 | _aდიმიტრი თუმანიშვილის ლექსები | ||
| 245 | _bლექსები | ||
| 245 | _cმიხ.ხელთუბნელის რედაქციით | ||
| 260 | _aთბილისი | ||
| 260 | _bფედერაცია | ||
| 260 | _c1938 | ||
| 300 | _a110გვ.18სმ | ||
| 300 | _bდანართი:შენიშვნები(გვ105–107) | ||
| 300 | _cწანართი:გამომცებლობისაგან (გვ.5–6) | ||
| 300 | _eბიბლიოგრაფია,ლიტერატურა,შენიშვნები | ||
| 653 | _aდიმიტრი თუმანიშვილის ლექსები | ||
| 653 | _aლექსები | ||
| 942 | _cBK | ||
| 999 |
_c42092 _d42092 |
||